000 01694cab a2200241 4500
001 ABS67420
008 040126n2003 000 0 eng u
035 _a(Sirsi) u124910
100 _aCamerer Cuss, E.
245 _aShop rental growth assessments
260 _c2003
490 _aJournal of Retail and Leisure Property
_v3(3) December 2003, 275-284(10)
520 _aContends that investors and valuers are relying unduly on retail market data of limited usefulness and low predictive power, affecting their ability to assess rental growth rates for individual retail properties. Looks at the special relationship of retail property to location choices, the unusual interaction between supply and demand in the town-centre retail sector as they affect rent levels and the retail location issue from the investors' perspective. Argues that the links between rental growth, town size and wealth are, unsurprisingly, rather weak, given the fragility of the data upon which they are based. Reviews new approaches to collating and monitoring effective retail demand levels. Asks how the investor or valuer is to choose rental growth rates and whether their rental growth assessments are efficient. Figures cover shop rental growth and centre size, shop rental growth and wealth, sales growth and the annualised shop rental growth range 1999-02
590 _aABS
650 _aRENTAL GROWTH
650 _aPROPERTY-COMMERCIAL PROPERTY-RETAIL PROPERTY-RETAIL PROPERTY MARKET
650 _aTOWN CENTRE RETAIL
650 _aRETAIL RENTS
650 _aRETAIL PROPERTY DEMAND
650 _aRENTAL GROWTH FORECASTS
690 _aPROPERTY-COMMERCIAL PROPERTY-RETAIL PROPERTY
942 _n0
999 _c74076
_d74076